Statistics for Harry Potter Characters

Click here to take the quiz!

General Stats

  • This quiz has been taken 32 times
  • The average score is 23 of 34

Answer Stats

HintAnswer% Correct
The main characterHarry Potter
100%
Harry's smart, bushy-haired best friendHermione Granger
100%
Harry's ginger best friendRon Weasley
100%
His parents tortured into insanityNeville Longbottom
96%
Long, greasy black hairSeverus Snape
91%
Falsely accused of murderSirius Black
91%
A psycho in pinkDolores Umbridge
87%
Dark arts teacher, also a werewolfRemus Lupin
87%
Looks after dragons in RomaniaCharlie Weasley
83%
Blond ferretDraco Malfoy
83%
Founder of the Gryffindor houseGodric Gryffindor
83%
Takes a lot of phototsColin Creevey
78%
Three headed dogFluffy
78%
Had a twinGeorge Weasley
78%
Won WonLavender Brown
78%
Irritating ghost girl who haunts the bathroomsMoaning Myrtle
74%
No noseVoldemort
74%
An alcoholic house elfWinky
74%
Turns into a sharkViktor Krum
70%
Crazy Azkaban escapee with teeth issuesBellatrix Lestrange
65%
Hufflepuff with purple hairNymphadora Tonks
65%
NarglesLuna Lovegood
61%
French giantOlympe Maxime
57%
Marries PhlegmBill Weasley
52%
Occasionally known as PhlegmFleur Delacour
52%
Blond ferret's father (who will hear about this)Lucius Malfoy
48%
A dead jesterPeeves
48%
Old, has cats, and babysits HarryArabella Figg
43%
Werewolf who ruined Lupin's lifeFenrir Greyback
43%
Abusive uncleVernon Dursley
43%
A narcissist who's skilled in memory charmsGilderoy Lockhart
39%
No nose's mother's nameMerope Riddle
39%
Falls in a lake and has a brother who takes photosDennis Creevey
35%
Her jumper is on the catGinny Weasley
35%

Score Distribution

Percentile by Number Answered

Percent of People with Each Score

Your Score History

You have not taken this quiz